00564nam a2200169 a 450000100100000000500170001000800410002704000250006810000260009324500360011926000380015530000280019350000210022150400300024295201050027299900170037700004304920201002040611.0140218s2001 xxua 001 0 spa d aDO-SdBNPbspacBNPHU1 aMorris, Edmund97057310aTheodore Rex. /cEdmund Morris. aNew York, :bRandom House,c2001. a772 p. :bil. ;c24 cm. aIncluye índice aBibliografía p: 563-571 001050718MOaGRbGRcCTd2014-02-18iLF1l0o p43049-10r2020-06-25w2020-06-25y1ZNo se presta c42538d42538